I racconti di Belzebù a suo nipote : critica oggettivamente imparziale della vita degli uomini /

Salvato in:
Dettagli Bibliografici
Autore principale: Gurdjieff, Georges (Autore)
Altri autori: Comba, Letizia, (1932-2000), Legati, Igor, Cassina, Danilo
Natura: Libro
Lingua:italiano
Pubblicazione: Vicenza : N. Pozza, \1999!
Edizione:2. ed. riv. /
Tags: Aggiungi Tag
Nessun Tag, puoi essere il primo ad aggiungerne!!

MARC

LEADER 00000nam a2200000 i 4500
001 IT\ICCU\TO0\0773450
003 ItRI
005 20250816233318.0
008 991102s1999 it |||||| ||||| |||||c
015 |2 IT  |a 2000-5900 
020 |a 8873056873 
040 |b ita  |c Arcigay Viterbo 
041 7 |a ita  |2 ISO-639-2 
082 |a 197  |2 21 
100 1 |a Gurdjieff, Georges  |0 IT\ICCU\CFIV\011069  |4 aut 
240 1 0 |a Récits de Belzébuth à son petit-fils. -  |9 Gurdjieff, Georges 
245 1 2 |a I racconti di Belzebù a suo nipote :  |b critica oggettivamente imparziale della vita degli uomini /  |c G. I. Gurdjieff ; traduzione di Letizia Comba e Igor Legati. 
250 |a 2. ed. riv. /  |b da Letizia Comba e Danilo Cassina 
260 |a Vicenza :  |b N. Pozza,  |c \1999! 
300 |a 1024 p. ;  |c 22 cm. 
700 1 |a Comba, Letizia,  |d  (1932-2000)  |0 IT\ICCU\CFIV\034575 
700 1 |a Legati, Igor  |0 IT\ICCU\CFIV\053899 
700 1 |a Cassina, Danilo  |0 IT\ICCU\CFIV\181474 
942 |2 ddc  |c BK  |n 0 
952 |0 0  |1 0  |2 ddc  |4 0  |6 197_200000000000000_GUR_RAC  |7 0  |9 9561  |a VT  |b VT  |d 2025-08-16  |e Donazione Alfonso Antoniozzi  |i B291  |l 0  |o 197.2 GUR RAC  |p B291  |r 2025-08-16 23:34:17  |w 2025-08-16  |y BK  |z Donazione Alfonso Antoniozzi 
981 1 |6 z01  |a i   |b xxxe  
982 1 |6 z01  |a n 
999 |c 7975  |d 7975